Spanish Family Vocabulary Words Quiz - Statistics

General Stats
  • This quiz has been taken 26,085 times
    26,081 since last reset
  • The average score is 20 of 25
Answer Stats
Español English % Correct
hermano brother
99%
padre father
99%
madre mother
99%
hermana sister
99%
abuela grandma
98%
abuelo grandpa
98%
tío uncle
98%
tía aunt
97%
amigo friend
94%
primo cousin
92%
hija daughter
92%
hijo son
92%
papá dad
91%
mamá mom
89%
sobrino nephew
81%
sobrina niece
81%
novio boyfriend
77%
novia girlfriend
77%
nieta granddaughter
56%
nieto grandson
56%
suegro father in law
50%
suegra mother in law
50%
cuñado brother in law
46%
cuñada sister in law
46%
padrino godfather
41%
No matching quizzes found
Score Distribution
Percent of People with Each Score
Percentile by Number Answered
Your Score History
You have not taken this quiz since the last reset